| 000 | 00598nam a22002177a 4500 | ||
|---|---|---|---|
| 005 | 20170124105935.0 | ||
| 010 | _a067497 | ||
| 020 | _c00.00 | ||
| 035 | _a067497 | ||
| 037 | _bCen Lib/Ret | ||
| 040 |
_aDPL _bEN |
||
| 082 |
_a301.46 _bAFZ |
||
| 100 |
_aAfzal Haq _99339 |
||
| 245 |
_aPakistan and untouchability / _cby Afzal Haq |
||
| 260 |
_aLahore _c1941 _bProprietor Maktaba-e-Urdu |
||
| 270 |
_bLahore _a15, circular road |
||
| 300 |
_a164p. _c17cm(Hb) |
||
| 650 |
_aMuslims dominance _99340 |
||
| 650 |
_aLeague resolution _99341 |
||
| 942 |
_2ddc _cEN _h305.46 _mAFZ |
||
| 999 |
_c124108 _d124108 |
||